000 01039nam0a2200253 4500
001 RU\NLR\BIBL_A\010671199
005 20250614082844.0
035 _a(NLR Aleph) 010671199
090 _a9606836
_c9606836
100 _a20150212d1959 |||y0rusy50 ca
101 0 _asah
102 _aRU
105 _aa z 000yy
200 1 _aТаас симэх
_e(хоһооннор, поэма)
_fКонстантинТуйаарыскай
210 _aЯкутскай
_cСаха сиринээҕи кинигэ изд-вота
_d1959
215 _a45,[1] с.
_cил.
_d20
300 _aВ вып. дан. авт.: Дьячковский Константин Николаевич (Туйарский)
541 1 _aКаменный узор
_eсб. стихов и поэм
_zrus
686 1 _aШ6(2=Я)7-5
700 1 _7ca
_8sah
_aТуйаарыскай
_bК.
_cпсевдоним
_f1915-1976
_gКонстантин
_9131356
_3RU\NLR\auth-onl\771301
852 _aNLR
_bОНЛ
_jЯкут./2-1141
942 _cBOOK
980 _aNB